Active ageing (Record no. 50669)

MARC details
000 -LEADER
fixed length control field 00401nam a2200157Ia 4500
005 - DATE AND TIME OF LATEST TRANSACTION
control field 20260417150918.0
008 - FIXED-LENGTH DATA ELEMENTS--GENERAL INFORMATION
fixed length control field 260417s9999||||xx |||||||||||||| ||und||
020 ## - INTERNATIONAL STANDARD BOOK NUMBER
International Standard Book Number 9781447307211
041 ## - LANGUAGE CODE
Language
100 ## - MAIN ENTRY--PERSONAL NAME
Personal name Principi/Jensen/Lamura
245 #0 - TITLE STATEMENT
Title Active ageing
260 ## - PUBLICATION, DISTRIBUTION, ETC. (IMPRINT)
Name of publisher, distributor, etc Cambridge, Cambridge,
Date of publication, distribution, etc 2022
650 ## - SUBJECT ADDED ENTRY--TOPICAL TERM
Topical term or geographic name as entry element Media & Communication
856 ## - ELECTRONIC LOCATION AND ACCESS
Uniform Resource Identifier <a href="10.46692/9781447307211">10.46692/9781447307211</a>
942 ## - ADDED ENTRY ELEMENTS (KOHA)
Koha item type Electronic Books
Holdings
Withdrawn status Lost status Damaged status Not for loan Home library Location Date of Cataloging Total Checkouts Barcode Date last seen Uniform Resource Identifier Price effective from Koha item type
        CUTN Central Library CUTN Central Library 17/04/2026   EB04615 17/04/2026 10.46692/9781447307211 17/04/2026 Electronic Books